La crítica nihilista del conocimiento en Nietzsche / (Record no. 77296)

MARC details
000 -LEADER
campo de control de longitud fija 00949nam a2200265 i 4500
001 - NÚMERO DE CONTROL
campo de control 77296
003 - IDENTIFICADOR DE NÚMERO DE CONTROL
campo de control ES-MaACL
005 - FECHA Y HORA DE LA ÚLTIMA TRANSACCIÓN
campo de control 20230906173142.0
007 - CAMPO FIJO DE DESCRIPCIÓN FÍSICA--INFORMACIÓN GENERAL
campo de control de longitud fija t|
008 - DATOS DE LONGITUD FIJA--INFORMACIÓN GENERAL
campo de control de longitud fija 041007s1977 sp ||||1| spa d
100 1# - ENTRADA PRINCIPAL--NOMBRE DE PERSONA
Nombre de persona Habermas, Jürgen.
9 (RLIN) 61376
245 13 - MENCIÓN DEL TÍTULO
Título La crítica nihilista del conocimiento en Nietzsche /
Mención de responsabilidad, etc. Jürgen Habermas ; introducción de Jesús Rodríguez MArín ; vesión de Carmen García Trevijano y Silverio Cerra.
260 ## - PUBLICACIÓN, DISTRIBUCIÓN, ETC.
Lugar de publicación, distribución, etc. Valencia :
Nombre del editor, distribuidor, etc. Revista Teorema,
Fecha de publicación, distribución, etc. 1977.
300 ## - DESCRIPCIÓN FÍSICA
Extensión 49 p. ;
Dimensiones 22 cm.
490 1# - MENCIÓN DE SERIE
Mención de serie Cuadernos Teorema ;
Designación de volumen o secuencia 13
504 ## - NOTA DE BIBLIOGRAFÍA, ETC.
Nota de bibliografía, etc. Bibliografía: p. 47-49.
600 14 - PUNTO DE ACCESO ADICIONAL DE MATERIA--NOMBRE DE PERSONA
Nombre de persona Nietzsche, Friedrich,
Fechas asociadas al nombre 1844-1900
9 (RLIN) 85718
650 #4 - PUNTO DE ACCESO ADICIONAL DE MATERIA--TÉRMINO DE MATERIA
Término de materia o nombre geográfico como elemento de entrada Epistemología.
9 (RLIN) 12338
700 1# - ENTRADA AGREGADA--NOMBRE PERSONAL
Nombre de persona Rodríguez Marín, Jesús.
9 (RLIN) 98637
700 1# - ENTRADA AGREGADA--NOMBRE PERSONAL
Nombre de persona García Trevijano, Carmen.
9 (RLIN) 55342
700 1# - ENTRADA AGREGADA--NOMBRE PERSONAL
Nombre de persona Cerra, Silverio.
9 (RLIN) 37552
830 0# - PUNTO DE ACCESO ADICIONAL DE SERIE-TÍTULO UNIFORME
Título uniforme Cuadernos Teorema ;
Designación de volumen o secuencia 13
9 (RLIN) 180999
852 ## - LOCALIZACIÓN
Ubicación ES-MaACL
Número de control de estantería 2093-F-16
Sublocalización o colección R.95839
Holdings
Estatus retirado Estado de pérdida Estado de daño No para préstamo Colección Biblioteca de origen Biblioteca actual Ubicación en estantería Fecha de adquisición Fuente de adquisición Total de préstamos Signatura topográfica completa Código de barras Visto por última vez Precio de reemplazo Tipo de ítem Koha
        Colección de folletos Biblioteca del Ateneo de Madrid Biblioteca del Ateneo de Madrid Depósito folletos 17/01/2008     2093-F-16 1080873 23/02/2023 23/02/2023 Folleto